000 00441nam a2200181Ia 4500
008 230524s9999 xx 000 0 und d
020 _a0070494975
082 _a620.1
_bSOM
100 _aS.K.Som
245 0 _aIntroduction to Fluid Mechanics & Fluid Machines
250 _a2ND
260 _aNEW DELHI
_bTMH
_c2004
300 _aXIII;708
500 _aQuantity Number: 92
650 _aMechanics
700 _a C.Biswas
942 _cBK
999 _c28897
_d28897